Cold Chisel - Statistics

General Stats
  • This quiz has been taken 12 times
  • The average score is 5 of 10
Answer Stats
Question Answer % Correct
Name the song - 'Kids are driving Saturday afternoon just pass me by....' 'Flame Trees'
100%
Why is the song 'Bow River' an exaggeration? It's only a small creek
71%
Who was not a member of Cold Chisel? Michael Hutchence
71%
A visit to which gaol inspired Don Walker to write the song 'Four Walls'? Bathurst Correctional
57%
What was the first single released by Cold Chisel? 'Khe Sahn'
57%
'Star Hotel' is written about an actual hotel in Newcastle that was closed, mostly due to economic problems. In which year was the hotel closed? 1979
43%
6. How many nights did Cold Chisel play at the Sydney Entertainment Centre on their 'Last Stand' tour? 5
43%
Written by Jimmy Barnes, who is 'Rising Sun' dedicated to? His wife
43%
What is the only song on the 'Chisel' album written by Phil Small? 'My Baby'
43%
Name the song - 'Take a whole lot of loneliness, wrap it up in some tenderness..' 'Merry-go-round'
14%
No matching quizzes found
Score Distribution
Percent of People with Each Score
Percentile by Number Answered
Your Score History
You have not taken this quiz